000
00256nam a22001097a 4500
008
160208t xxu||||| |||| 00| 0 eng d
020
_a
81-309-0605-8
100
_a
J.C. Blackstock
_9
1548
245
_a
Biochemistry
300
_a
307 p. :
942
_2
ddc
_c
BK
999
_c
480000
_d
480000